Datum a čas kvízu
28.5
Celkem bodů
Celkový počet nahraných bodů na tomto kvízu bez doplňovacích otázek.
3.
Pořadí na kvízu
Konečné umístění týmu na tomto kvízu.
Zaznamenané odpovědi
| # | Otázka | Odpověď | Body | Výsledky |
|---|---|---|---|---|
| 1. | Vozidla taxislužeb již zřejmě... | taxametrem | 1 | |
| 2. | Hasiči z hesenského Bensheimu... | krysu | 1 | |
| 3. | Dlouho očekávané tmavé téma do... | Messenger | 0 | |
| 4. | Irský oděvní řetězec, populárn... | Primark | 1 | |
| 5. | Norský biatlonista Johannes Th... | na střelnici vystřelil méněkrát, než je povoleno | 1 | |
| 6. | Karlovy Vary, Kutná Hora, Klad... | Klatovy | 1 | |
| 7. | Francium, rubidium, cesium, dr... | lithium (Li) | 1 | |
| 8. | Babiš, Sobotka, Zeman, Topolán... | Josef Tošovský | 0 | |
| 9. | Bohdalová, Kubišová, Rettigová... | Božena Němcová | 0 | |
| 10. | Komedie omylů, Zkrocení zlé že... | Veselé paničky windsorské | 0 |